000
00309nam a22001337a 4500
008
181221b xxu||||| |||| 00| 0 eng d
020
_a
9780070529731
041
_a
eng
080
_2
3 TH
_a
316
100
_a
50
101
_a
SOC
245
_a
Contemporary Sociological Theory
_c
Ritzer.G
942
_2
udc
_c
BK
999
_c
53616
_d
53616